000 00244nam a2200097Ia 4500
008 240331s9999 xx 000 0 und d
082 _bOCO
100 _aO'Connell, H
245 0 _aDedicated lives :
_bwomen organising for a fairer world
942 _cL
999 _c1816
_d1816